00651nam a2200241 a 4500001001300000003000900013005001700022008004100039020001000080082001300090100001600103245001900119260004800138300000800186500003500194505001300229650002800242700001600270902000800286942000700294952009300301999001500394nice12345678IN_TiNIC20260116011428.0050524s1932 laha grp 000 0 urd  ac10000a244bEJA aEjazul, Haq aRaja Ka Khawab aLahorebPunjab Religious Booksociety c1932 a16p aincludes index and biblioraphy2 aAppendix aChristianity-Miscellany1 aEjazul, Haq bSRS cBK 00104070aHMIbHMId2007-07-05g100.00l0o244 EJAp4204r2007-07-05w2026-01-16yARB c1442d1442